Návrh a realizácia aplikácie na riešenie určitého integrálu numerickými metódami
Salvato in:
| Autore principale: | |
|---|---|
| Altri autori: | |
| Natura: | Manoscritto Libro |
| Lingua: | slovacco |
| Pubblicazione: |
2025
|
| Soggetti: | |
| Accesso online: | http://is.stuba.sk/zp/portal_zp.pl?podrobnosti=180369 |
| Tags: |
Nessun Tag, puoi essere il primo ad aggiungerne!!
|
MARC
| LEADER | 00000ntm a22000003a 4500 | ||
|---|---|---|---|
| 001 | stuzp103769 | ||
| 003 | SK-STU | ||
| 005 | 20250628210807.0 | ||
| 007 | ta | ||
| 008 | 150427s2015----xo-----f-mn---000-0-slo-d | ||
| 040 | |a STU |b slo | ||
| 041 | 0 | |a slo | |
| 100 | 1 | |a Dobrotovskyi, Nazarii |u 066000 |4 aut |U MTF Materiálovotechnologická fakulta |T MTF Ústav aplikovanej informatiky, automatizácie a mechatroniky |X 124070 |U M6000 |Y 86 |7 124070 | |
| 242 | 0 | 1 | |a Design and implementation of an application for solving a definite integral using numerical methods |y eng |
| 245 | 1 | 0 | |a Návrh a realizácia aplikácie na riešenie určitého integrálu numerickými metódami |
| 260 | |c 2025 | ||
| 650 | 4 | |a Numerické metódy |2 slo | |
| 650 | 4 | |a Určitý integrál |2 slo | |
| 650 | 4 | |a Java aplikácia |2 slo | |
| 650 | 4 | |a Vizualizácia výsledkov |2 slo | |
| 650 | 4 | |a Výpočtová presnosť |2 slo | |
| 650 | 4 | |a Visualization of Results |2 eng | |
| 650 | 4 | |a Computational Accuracy |2 eng | |
| 650 | 4 | |a Numerical Methods |2 eng | |
| 650 | 4 | |a Definite Integral |2 eng | |
| 650 | 4 | |a Java Application |2 eng | |
| 700 | 1 | |a Liška, Vladimír |u 066000 |k Z1 |4 ths |U MTF Materiálovotechnologická fakulta |T MTF Ústav aplikovanej informatiky, automatizácie a mechatroniky |X 1513 |U M6000 |Y 86 |7 A000001513 | |
| 856 | 4 | |u http://is.stuba.sk/zp/portal_zp.pl?podrobnosti=180369 | |
| 996 | |c M* BP-9898 |l MMSKP |s P |a 0 |w stuzp103769_0001 | ||